Materiales y procedimientos de construcción : (Registro nro. 23727)
[ vista simple ]
| 000 -Cabecera | |
|---|---|
| Campo de control interno | 00467nam a2200181Ia 4500 |
| 005 - Fecha y hora del registro | |
| control field | 20260414150956.0 |
| 008 - Elementos de Longitud Fija | |
| fixed length control field | 260414t2014||||xx |||||||||||||| ||spa|| |
| 041 ## - Idioma | |
| Codigo Idioma | ESP |
| 082 ## - DEWEY y NOTACIÓN INTERNA | |
| Dewey | 698 |
| Notación Interna | P45 |
| 100 ## - AUTOR | |
| Autor denominación | Pérez Alamá, Vicente |
| Término de relación | autor |
| 245 #0 - TÍTULO DE MATERIAL BIBLIOGRÁFICO | |
| Título | Materiales y procedimientos de construcción : |
| Título paralelo | acabados y complementos |
| 260 ## - CIUDAD, EDITORIAL, AÑO | |
| Año | 2014 |
| 300 ## - DESCRIPCIÓN | |
| N° Páginas | 122 páginas : |
| Dimensiones | 27 cm. |
| 650 ## - TEMAS | |
| Temas | |
| 654 ## - PROGRAMAS | |
| Programa | Dpto. de Ingeniería Civil |
| 942 ## - ELEMENTOS DE KOHA | |
| Tipo de documento | Libro |
| Nombre del creador | Justo Noguera |
| Código de catalogador | Justo Noguera |
| Esquema de clasificación | Dewey Decimal Classification |
| Suppress in OPAC | |
| Codigo completo | Registro | Colección | Copia número | Disponibilidad | Tipo de préstamo | Biblioteca Actual | Procedencia (Biblioteca) | Ubicacón | Fecha Ingreso | Tipo de Adquisición | Date last seen | Total checkouts | Price effective from | Tipo de Item | Estado del Material | Damaged status | Withdrawn status |
|---|---|---|---|---|---|---|---|---|---|---|---|---|---|---|---|---|---|
| 698 P45 | 1058537 | Universidad Católica San Pablo | 1 | Disponible | Disponible | Víctor Andrés Belaunde | Víctor Andrés Belaunde | Segundo piso | 14/04/2026 | Compra | 14/04/2026 | 14/04/2026 | Libro | Bueno |




